000 00946naa a22002657u 4500
001 07724
003 HDC
007 cr bn ---aaaaa
008 210103t200202 cc 000 0 eng
040 _aHDC
245 0 _aFFTC Research Highlights :
_bCytochrome P450 Gene of Transgenic Rice Plant Shows Herbicide Resistance
260 _aTaiwan :
_bFFTC Research Highlights,
_c2002
300 _a2 pages
336 _atext
_2rdacontent
337 _acomputer
_2rdamedia
338 _aonline resource
_2rdacarrier
520 _aVarious titles inside
650 _aRice
_xGenetic engineering
_xSafety measures
_98244
650 _aTransgenic plants
_xSafety measures
_98245
650 _aTransgenic plants.
_93566
856 _zRequest full-text at [email protected]
942 _2lcc
942 _cEIJ
942 _kEMAG 000032
999 _c5047
_d5047